Hong Kong : Report for the year 1971

Saved in:
Bibliographic Details
Format: Book
Language:Undetermined
Published: Hong Kong Goverment Press 1972
Subjects:
Tags: Add Tag
No Tags, Be the first to tag this record!
Institutions: Trung tâm Học liệu Trường Đại học Cần Thơ
LEADER 00507nam a2200193Ia 4500
001 CTU_90122
008 210402s9999 xx 000 0 und d
082 |a 951.25 
082 |b H769 
245 0 |a Hong Kong : 
245 0 |b Report for the year 1971 
245 0 |c Hong Kong Government Publications 
260 |a Hong Kong 
260 |b Goverment Press 
260 |c 1972 
650 |a History 
650 |z Hong kong 
904 |i Nguyên,Hải 
980 |a Trung tâm Học liệu Trường Đại học Cần Thơ